000 00580nam a2200205Ia 4500
005 20250923145341.0
008 008 250917s9999 xx 000 0 eng d
037 _aTextual
040 _aDSWL
_beng
_cDSWL
041 _aeng
_2eng
084 _aW81.2'N6, N75
_qDSWL
100 _aGhosh, Sankar
_9834370
245 4 _aThe Naxalite movement
_c by Sankar Ghosh
260 _aCalcutta
_bFirma K.L. Mukhopadhyay
_c1975
300 _axxiv,301p.
365 _aINR
_b27 . 0
925 _g27 . 0
942 _cTEXL
_hW81.2'N6, N75
999 _c1450324
_d1450324